ALBUMS DU RAP FR - Statistiques

Statistiques générales
  • Ce quiz a été pris 83 fois
  • Le résultat moyen est 4 sur 16
Statistiques - réponses
Par images Réponse % Correct
Les derniers salopards
75%
DRILL FR
74%
Sincèrement
67%
LA MELO EST GANGX
56%
Saison 2
38%
BIGLAF
34%
BDLM VOL.1
27%
21
18%
Drogue
11%
Jusqu'aux étoiles
11%
Capitaine fait de l'art
10%
L'AFRO OU LES TRESSES
8%
Freestyle Covid Part. 3
5%
Gambinerie
4%
LMBD
3%
NO CAP, Vol.1
0%
Aucun quiz correspondant
Distribution des résultats
% des personnes avec chaque résultat
Percentile par nombre de réponses
Votre historique - résultats
Vous n’avez pas pris ce quiz